1401 1545 1980 1018 1912 1631 1131 1544 1908 1687 1327 1976 1117 1489 1113 1848 1254 1741 1765 1385 1312 1530 1642 1589 1624 1917 1403 1702 1793 1517 1069 1421 1758 1558 1921 1200 1959 1676 1804 1150 1541 1379 1960 1465 1271 1658 1348 1665 1240 1628 1165 1394 1558 1725 1334 1789 1943 1821 1248 1654 1268 1861 1390 1722 1748 1793 1177 1037 1256 1096 1639 1467 1052 1483 1573 1821 1448 1458 1205 1470 1529 1867 1449 1441 1667 1296 1423 1887 1050 1776 1507 1464 1277 1794 1101 1435 1527 1336 1205 BCNSPRNW ULIB Ver.6.0+V

เปลี่ยนเป็นภาษาไทย

Change to English
 แสดงรายละเอียดบรรณานุกรม
  กลับหน้าหลัก

Brief Record : Get Marc (ISO 2709) : E-mail record : QR code < ปิดหน้าต่าง
LEADER : 00000nam 2200000uu 4500
001    13399124339
003     ULIB
008    150424s2557||||th 000 0 tha d
020    ^a9789745069824 (ล.3)
020    ^a9745069825
060 04 ^aWY157^bศ496ก ล.3
245 00 ^aการพยาบาลสูติศาสตร์ เล่ม 3 /^cศรีเกียรติ อนันต์สวัสดิ์,บรรณาธิการ
250    ^aพิมพ์ครั้งที่ 13
260    ^aนนทบุรี :^bโครงการสวัสดิการวิชาการ สถาบันพระบรมราชชนกกระทรวงสาธารณสุข,^c2557
300    ^a[13], 661 หน้า :^bภาพประกอบ ;^c26 ซม.
650  7 ^aการพยาบาลสูติศาสตร์
700 0  ^aศรีเกียรติ อนันต์สวัสดิ์,^eบรรณาธิการ
710 2  ^aกระทรวงสาธารณสุข
710 2  ^aสถาบันพระบรมราชชนก. ^bโครงการสวัสดิการวิชาการ
945    ^p300^l0^i039371
995    ^aทศพร
999    ^aทศพร
รายการนี้ยังไม่มีแท็ก
คุณยังไม่ได้ล็อกอิน คุณสามารถมีกิจกรรมร่วมกับเว็บไซต์ได้ แต่ต้องล็อกอินก่อน ::
  ล็อกอิน

รายการสื่อสารสนเทศ

ลำดับที่ ประเภท เลขเรียก/บาร์โค้ด สถานที่ สถานะ
1. Book การพยาบาล
Book การพยาบาล
WY157 ศ496ก ล.3 ฉ.1 
  Barcode: 039371
ห้องสมุดวิทยาเขตสวรรค์ประชารักษ์
►ส่วนจัดเก็บหนังสือเก่า สปร
บนชั้น
  ขอยืม

รายการใกล้เคียง
    หัวเรื่อง [การพยาบาลสูติศาสตร์]

BibComment


ยังไม่เคยถูกคอมเมนท์

คอมเมนท์ทรัพยากรรายการนี้
  คอมเมนท์: การพยาบาลสูติศาส..


 Copyright 2026. Bcnsprnw @Library